សត្វល្អិតចង្រៃបំផ្លាញដំណាំក្រូចពោធិសាត់ នៅខេត្តបាត់ដំបង (Record no. 197)
[ view plain ]
| 000 -LEADER | |
|---|---|
| fixed length control field | 00547nam a22001577a 4500 |
| 003 - CONTROL NUMBER IDENTIFIER | |
| control field | OSt |
| 005 - DATE AND TIME OF LATEST TRANSACTION | |
| control field | 20150910104926.0 |
| 008 - FIXED-LENGTH DATA ELEMENTS--GENERAL INFORMATION | |
| fixed length control field | 150910b xxu||||| |||| 00| 0 eng d |
| 040 ## - CATALOGING SOURCE | |
| Transcribing agency | RUA |
| 082 ## - DEWEY DECIMAL CLASSIFICATION NUMBER | |
| Classification number | AGR នូ 1994 B010 Or.1 |
| 100 ## - MAIN ENTRY--PERSONAL NAME | |
| 9 (RLIN) | 215 |
| Personal name | នូ កែវសុទ្ធា |
| 245 ## - TITLE STATEMENT | |
| Title | សត្វល្អិតចង្រៃបំផ្លាញដំណាំក្រូចពោធិសាត់ នៅខេត្តបាត់ដំបង |
| 260 ## - PUBLICATION, DISTRIBUTION, ETC. (IMPRINT) | |
| Place of publication, distribution, etc. | Phnom Penh |
| Name of publisher, distributor, etc. | RUA |
| Date of publication, distribution, etc. | 1994 |
| 300 ## - PHYSICAL DESCRIPTION | |
| Extent | 58p. |
| Other physical details | ill. |
| Dimensions | 29cm. |
| 942 ## - ADDED ENTRY ELEMENTS (KOHA) | |
| Source of classification or shelving scheme | |
| Koha item type | AGR |
| Price effective from | Date last seen | Permanent Location | Not for loan | Date acquired | Source of classification or shelving scheme | Koha item type | Lost status | Withdrawn status | Total Renewals | Date last checked out | Total Checkouts | Shelving location | Damaged status | Barcode | Current Location | Full call number |
|---|---|---|---|---|---|---|---|---|---|---|---|---|---|---|---|---|
| 2015-09-10 | 2019-07-27 | Library Block B | 2015-09-10 | AGR | 2019-07-20 | 3 | B010 | RUA003929 | Library Block B | AGR នូ 1994 B010 Or.1 | ||||||
| 2015-09-10 | 2016-08-03 | Library Block B | 2015-09-10 | AGR | 2016-07-02 | 1 | B010 | RUA003933 | Library Block B | AGR នូ 1994 B010 Or.2 | ||||||
| 2015-09-10 | 2016-08-01 | Library Block B | 2015-09-10 | AGR | 1 | 2016-08-01 | 2 | B010 | RUA003706 | Library Block B | AGR នូ 1994 B010 Or.3 | |||||
| 2015-11-04 | 2015-11-04 | Library Block B | 2015-11-04 | AGR | B010 | RUA027565 | Library Block B | AGR នូ 1994 B010 Or.4 | ||||||||
| 2016-11-11 | 2017-11-17 | Library Block B | 2016-11-11 | AGR | 2 | 2017-10-09 | 3 | B310 | A04297 | Library Block B | AGR នូ 1994 B010 Or.5 |